La solución militar de la derecha

সংরক্ষণ করুন:
গ্রন্থ-পঞ্জীর বিবরন
বিন্যাস: পাঠ‍্য
বিষয়গুলি:
ট্যাগগুলো: ট্যাগ যুক্ত করুন
কোনো ট্যাগ নেই, প্রথমজন হিসাবে ট্যাগ করুন!

MARC

LEADER 00000 a a2200000 04500
001 18084
003
040
245 |a La solución militar de la derecha  
650 |a MILITARISMO  
650 |a DERECHA  
650 |a DEMOCRACIA  
650 |a COOPERACION INTERNACIONAL  
650 |a EL SALVADOR  
773 |g volumen 5, número 6; páginas 61  
999 |c 24525  |d 24525